000 00766nam a2200241 i 4500
001 bg
100 1 _aSLIWA, George
245 1 0 _aAngielski bez błędów :
_bjakie błędy popełniają Polacy i jak ich unikać : poradnik /
_cGeorge Sliwa.
260 _aKraków :
_bWydaw. Literackie,
_c2001.
300 _a643, [1] s. ;
_c24 cm + +
_ekaseta.
490 1 _aUcz się Sam
650 9 _aJęzyk angielski
_xbłędy
655 _aPodręczniki
830 _aUcz się Sam
020 _a830803098X
040 _cBPK
041 1 _aengpol
080 _a811.111'271(07)
920 _a83-08-03098-X
942 _cKS
008 s pl f |000 0 pol
999 _c42983
_d42983